000 01647nam a2200217Ia 4500
003 IT-RoPAU
005 20220918175750.0
008 120407s9999 xx 000 0 und d
040 _aIT-RoPAU
_c20140510091011.0
040 _cIT-RoPAU
041 _aita
100 _aPie Discepole del Divin Maestro
_924397
245 _aLa nostra regola di vita.
_b3. Vocazione e missione.
260 _c1989
_aRoma
_bCasa Generalizia PDDM
300 _a214 p.
_c21 cm
490 _vVol. n. 10
_aPDDM
500 _aUso manoscritto
520 _aIndice Presentazione Fonti Art. 1 - Il nostro carisma nella storia Art. 2 - Il fine della consacrazione religiosa Art. 3 - Gesù Maestro centro e fondamento Art. 4 - La nostra identità carismatica Art. 5 - Identità della Pia Discepola nella Famiglia Paolina Art. 6 - Appartenza alla Famiglia Paolina Art. 7 - Missione fondamentale e vitale Art. 8 - Unità della Famiglia Paolina Art. 9 - In Cristo con Maria e S. Paolo Art. 10 - Dimensione contemplativo-apostolica Art. 11 - Gesù Maestro Via - Verità - Vita Art. 12 - Come Maria Art. 13 - Il Rosario Art. 14 - Nello Spirito dell'Apostolo Paolo Art. 15 - La preghiera cristiana Art. 16 - Gesù Maestro di preghiera e l'intercessione di Maria Santissima Art. 17 - Il nutrimento della Parola di Dio Art. 18 - Unite a Gesù Maestro Eucaristico Art. 19 - La Liturgia delle Ore Art. 20 - La Meditazione Art. 21 - L'Adorazione Eucaristica Art. 22 - L'esame di coscienza Art. 23 - Celebriamo il giorno del Signore Art. 24 - Il ritiro mensile Art. 25 - Gli Esercizi Spirituali Art. 26 - La predicazione alle nostre comunità
942 _cBK
_2ddc
999 _c28953
_d28953